Commonwealth or Colonialism? (Record no. 490303)

000 -LEADER
fixed length control field 00353cam a22001097a 4500
008 - FIXED-LENGTH DATA ELEMENTS--GENERAL INFORMATION
fixed length control field 180718b1958 xxu||||| |||| 00| 0 eng d
082 ## - DEWEY DECIMAL CLASSIFICATION NUMBER
Classification number D6142
245 ## - TITLE STATEMENT
Title Commonwealth or Colonialism?
Statement of responsibility, etc. by Central Office of Information
260 ## - PUBLICATION, DISTRIBUTION, ETC.
Place of publication, distribution, etc. London
Name of publisher, distributor, etc. Central Office of Information
Date of publication, distribution, etc. 1958
300 ## - PHYSICAL DESCRIPTION
Extent 13p.
700 ## - ADDED ENTRY--PERSONAL NAME
Personal name United Kingdom. Central Office of Information
Holdings
Withdrawn status Lost status Damaged status Not for loan Permanent Location Current Location Date acquired Full call number Barcode Date last seen Price effective from Koha item type
        Indian Institute of Public Administration Indian Institute of Public Administration 2018-08-04 D6142 GG31988 2018-08-04 2018-08-04 GG

Powered by Koha